Kolektívne investovanie v rámci V4 bakalárska práca

Uložené v:
Podrobná bibliografia
Hlavný autor: Zvolenská, Zuzana
Korporativný autor: Národohospodárska fakulta EU. Katedra bankovníctva a medzinárodných financií
Ďalší autori: Chovancová, Božena
Médium: Kniha
Jazyk:Slovak
Vydavateľské údaje: Bratislava 2018
Tagy: Pridať tag
Žiadne tagy, Buďte prvý, kto otaguje tento záznam!

MARC

LEADER 00000nbm a2200000 4500
001 0245845
005 20181214134214.7
041 0 |a slo 
044 |a SK 
245 1 0 |a Kolektívne investovanie v rámci V4  |b bakalárska práca  |c Zuzana Zvolenská ; školiteľ: Božena Chovancová 
264 1 |a Bratislava  |c 2018 
300 |a 39 s. 
100 1 |a Zvolenská, Zuzana 
700 1 |a Chovancová, Božena 
710 2 |a Národohospodárska fakulta EU. Katedra bankovníctva a medzinárodných financií